Current trends in information : research and theory

Bibliographic Details
Other Authors: Katz, William
Format: Book
Published: New York : Thhe Haworth Press , 1987
Subjects:

MARC

LEADER 00000cam a2200000 7i4500
001 0000002009
002 000002192
005 20080214.0
020 |a 0866565744 
090 0 0 |a 025.52   |b CUR 
245 0 0 |a Current trends in information :   |b research and theory   |c edited by Bill Katz and Robin Kinder 
260 |a New York :   |b Thhe Haworth Press ,   |c 1987 
300 |a 305p. ;   |c 22 cm. 
650 0 0 |a Reference services (Libraries)   |x Information services 
700 1 |a Katz, William 
999 |a 033768   |b BUKU   |c RUJUKAN   |e PERPUSTAKAAN KOMUNITI PETALING JAYA